| 000 | 01607nam0a2200313 4500 | ||
|---|---|---|---|
| 001 | RU\NLR\bibl\1356835 | ||
| 005 | 20250615182443.0 | ||
| 010 |
_a978-5-8336-0559-2 _9200 |
||
| 021 |
_aRU _b2009-12861 _9758 |
||
| 035 | _a(NLR Aleph) 001349028 | ||
| 090 |
_a908881 _c908882 |
||
| 100 | _a20090414d2008 |||y0rusy50 ca | ||
| 101 | 0 | _arus | |
| 102 | _aRU | ||
| 105 | _aa ||||||||| | ||
| 200 | 1 |
_aЭкологические ресурсы Республики Северная Осетия-Алания _eучебное пособие _fК.Е. Сокаев, К.Х. Бясов _gФедер. агентство по образованию, Гос. образоват. учреждение высш. проф. образования "Сев.-Осет. гос. ун-т им. К.Л. Хетагурова", Федер. гос. учреждение Станция агрохим. службы "Северо-Осетинская" |
|
| 210 |
_aВладикавказ _cИзд-во СОГУ _d2008 |
||
| 215 |
_a53 с. _cил. _d21 |
||
| 320 | _aБиблиогр.: с. 50-52 (48 назв.) | ||
| 606 | 1 |
_aСельскохозяйственная экология _jУчебные издания _yСеверная Осетия-Алания, Республика _92562453 _3RU\NLR\auth\661515728 |
|
| 686 | _aП028(2Р37-6С)я7 | ||
| 700 | 1 |
_aСокаев _bК. Е. _gКурман Елканович _4070 |
|
| 701 | 1 |
_aБясов _bК. Х. _gКазбек Харитонович _4070 |
|
| 801 | 0 |
_aRU _bNLR _c20090414 _gRCR |
|
| 801 | 1 |
_aRU _bNLR _c20090414 |
|
| 942 | _cBOOK | ||
| 980 | _aNB | ||
| 980 | _aNBR | ||